Quizzes
Events
Quiz Creation
Community
Videos
Private Events
Remove Ads
Sign In
Join for FREE
Feedback
Dark Mode
Quiz Categories
Sports
Geography
Music
Movies
Television
Just For Fun
Miscellaneous
History
Literature
Language
Science
Gaming
Entertainment
Religion
Holiday
For Kids
Quiz Lab
Recent
Popular Today
Quiz Kudos Today
Editor Picks
Curator Picks
Quizzes by...
Day
Popularity
Type
Ratings
Length
Year
Community
Subscriptions
Recent Discussions
Orange Saloon
Badges
Playlists
Quests
Create
Leaderboards
Showdown
Live 5
Trivia Bingo
Activity
Puzzle Library
Sporcle Events
Private Events
Virtual Trivia
Globe League
Become a Host
Pub Owners
SporcleCon
Opinionation
Our Games
Videos
Blog
Mobile Apps
Partnerships
Remove Ads and Go Orange
Feedback
Holiday
Halloween
Christmas
Holiday Songs
April Fools'
Thanksgiving
Valentine's Day
Easter
St Patrick's Day
National Holiday
Religious Holiday
Holiday
Halloween
Christmas
Holiday Songs
April Fools'
Thanksgiving
Valentine's Day
Easter
St Patrick's Day
National Holiday
Religious Holiday
Random Quiz
Search Sporcle
×
Quiz Lab
Quiz Lab
Holiday
Type in answers that appear in a list
Type in answers that appear in a list
Classic
Best Score? Go Orange.
Purim Stats
Can you name the Purim facts?
By
MahKoreh
7m
15 Questions
206 Plays
206 Plays
206 Plays
Comments
Comments
Give Quiz Kudos
Give Quiz Kudos
-
- Ratings
hide this ad
Replay
Link that replays current quiz
Next Quiz
Link to next quiz in quiz playlist
You Got
0%
They Got
Avg Score
41%
Avg Friend Score
Upgrade to see
Score Distribution
Jump to the score distribution portion of the page
Score
0/15
Timer
07:00
0
Plays Today
Question
Answer
% Correct
The queen at the beginning of the story
Vashti
93.1%
Queen Esther's real name
Hadassah
73.5%
Noisemaker that we use to blot out Haman’s name
Gragger
70.6%
The Jews agreed 'to observe...with the sending of food gifts, each to his/
her friend' (Esther 9:22) What are these gifts called?
Mishloach Manot
60.8%
How many provinces did Ahashverous reign over?
127
49%
Purim means _
_
_
_
_
_
_
_
_
_
_
lots
44.1%
Who was Haman’s wife?
Zeresh
39.2%
What date was chosen for the destruction of the Jews of Persia?
13th of Adar
35.3%
Question
Answer
% Correct
Esther and Mordechai proclaimed that Purim was a time of feasting and merrymaking (Esther 9:17, 22). This ordinance developed into the special Purim meal, or_
_
_
_
_
_
_
_
_
_
seudah
34.8%
Who did Mordechai overhear plotting to kill the king?
Bigtan & Teresh
33.8%
Besides Haman’s sons, how many men did the Jews kill in Shushan on the 13th of Adar?
500
24.5%
What did Esther ask Mordechai to have all the Jews of Shushan do before she went to see the King?
fast for 3 days
20.6%
How high was the stake constructed to impale Mordechai?
50 cubits
16.2%
An important expression of community on Purim is the tradition of _
_
_
_
_
_
_
_
_
_
, 'gifts to the needy'
Matanot Levyonim
16.2%
Which Advisor recommended banishing Vashti?
Memucan
14.2%
Quiz Playlist
Details
Report
Send in Message
Add To Playlist
Classic:
Type in answers that appear in a list
Last Updated: Jan 31, 2018
Quiz Scoreboard
CHALLENGE
Sign Up to Join the Scoreboard
Show All
Scores
Hide
Comments
May contain spoilers
Recently Published
Movies - When Are They Set?
by FPL_Elf
Movies
5m
Popular People in 1961
by mucciniale
History
6m
1-10 Letter E Words III
by El_Dandy
Language
2m
More to Explore
Quiz From the Vault
Featured Blog Post
Where Did the Easter Bunny Come From?
hide this ad
You Might Also Like...
Tags
This quiz does not have any tags.
Today's Top Quizzes in Holiday
Browse Holiday
hide this ad
Top Contributed Quizzes in Holiday
1
Easter - Did You Know?
2
Holidays Spelling Bee
3
Show What You Know: US Federal Holidays
4
The Holiday Category, A to Z
5
10 to 1: Ramadan
6
Europapark rides
7
The 3rd thing you need to know: Halloween
8
Find the movie in SKYLINE PICTURE
9
Purim Crossword
10
Order the Chinese Zodiac Animals
Explore More
Trending Topics
Kpop
Anime
Marvel
Crossword
Disney
Harry Potter
NBA
Song
Country
NFL
WWE
The Office
Pokémon
Puzzle
Soccer
hide this ad
More By:
MahKoreh
Quiz
Plays
Rating
Category
Featured
Created
Purim
206
3.00
Holiday
Mar 15, 2011
Go to Creator's Profile
Score Distribution
Quiz Creator Spotlight
MahKoreh
Follow
Send a Message
Quizzes Created
-
Created Quiz Play Count
-
More By This Creator
Popular Quizzes Today
1
Find the US States - No Outlines Minefield
2
Find the Countries of Europe - No Outlines Minefield
3
The Countries of the World
4
Popular People in 1961
5
1-10 Letter E Words III
6
US States
7
Find the US States
8
One Thing in Common: World Cities II
More Holiday Quizzes
Word Ladder: 31st October
Editor's Pick
Trending Quizzes
Risky Map Clicking: Least Populous States A-Z
1-10 Letter F Words
1-10 Letter G Words
One Thing in Common: United Kingdom
Risky Map Clicking: Next State Alphabetically
Recently Updated
Leaping Animals
pecheneg
Reality TV Shows (A-Z)
bhenderson79
Rickey Henderson's Hall of Fame Teammates
pecheneg
Champions League XIs: Arsenal
pecheneg
Quick Pick: Celebrities in WWE's Hall of Fame
aduchscher
A-Z Keypad Blitz II
pecheneg
Multiple Oscar Actors
pecheneg
Mystery Phrase Blitz: Oscar 'Best Actors'
pecheneg
F. Scott Fitzgerald Novels
LTH
Pick 3 Villains
ddd62291
Trending Topics
Crossword
Harry Potter
NBA
Kpop
Disney
Marvel
Anime
Song
Pokémon
NFL
The Office
Soccer
WWE
Puzzle
Country
Your Account Isn't Verified!
In order to create a playlist on Sporcle, you need to verify the email address you used during registration. Go to your
Sporcle Settings
to finish the process.
Report this User
Report this user for behavior that violates our
Community Guidelines
.
Details:
Send Report
Go to the Sporcle.com Mobile Site →
Comments